000 00402nam a2200181Ia 4500
001 11581
003 GE_BSU
008 181216s||||||||xx |||||||||||||| ||und||
040 _cGE_BSU
100 _aGardner,John
245 4 _aThe garden of weapons
260 _aLondon
260 _bBook club associates London
260 _c1980
300 _a350p.
653 _aThe garden of weapons
942 _cBK
999 _c44776
_d44776